000 00719nam a2200277 a 4500
005 20140412111305.0
008 001207s19uu xx 00 eng d
020 _a0-7214-1573-3
050 _aER
_bEl1 1993
100 _aHunia, Fran
245 _aElves and the shoemaker (The) /
_cby Fran Hunia; illustrated by John Dyke.
260 _aLiecestershire, UK :
_bLadybird Books Ltd,
_c1993.
300 _a1 v. (unp.) ; ill.
440 _aRead it yourself, level 1
650 _aFairy tales
650 _aShoemaker--Fiction
999 _c103622
_d103622